00733nam a22001097a 4500008004100000100003600041245008000077260002000157300003100177520039500208773002000603260630b ||||| |||| 00| 0 eng d aAnsary, Sahil and Sahu, Mili  aTrade to strategy: Critical minerals and India-EU ‘Mother of all deals’ aThird Concept  a40(472), Jun, 2026: p.7-11 a This article examines the transformation of India-European union (EU) relations from a trade citric framework to a strategic economic partnership, with critical minerals at its core. It argues that disruptions coursed by the Covid-19 pandemic, the Ukraine war, and supply chain vulnerabilities have elevated critical minerals as key instruments of geo-economics statecraft. – Reproduced  aThird Concept